[Event "Avoine op 26th"]
[Site "Avoine"]
[Date "2011.07.29"]
[Round "7"]
[White "Alary, Pierre"]
[Black "Hutois, Mickael"]
[Result "0-1"]
[WhiteElo "1882"]
[BlackElo "2184"]
[PlyCount "62"]
[EventDate "2011.07.23"]
[EventType "swiss"]
[EventRounds "9"]
[EventCountry "FRA"]
[SourceTitle "EXT 2012"]
[Source "ChessBase"]
[SourceDate "2011.11.24"]
[SourceVersion "1"]
[SourceVersionDate "2011.11.24"]
[SourceQuality "1"]

1. e4 e5 2. Nf3 Nc6 3. Bc4 Be7 4. d4 exd4 5. Nxd4 d6 6. Be3 Nf6 7. Nc3 0-0 8. f3 Ne5 9. Be2 d5 10. Nxd5 Nxd5 11. exd5 Qxd5 12. Nb5 Qc6 13. Nd4 Qb6 14. Nf5 Qa5+ 15. Bd2 Nxf3+ 16. Bxf3 Qxf5 17. 0-0 Qc5+ 18. Kh1 Bf5 19. Bxb7 Rad8 20. Qc1 Bf6 21. Bg5 Rd6 22. Bxf6 Rxf6 23. c3 c6 24. Ba6 Re8 25. Qd2 Rh6 26. Rae1 Be4 27. Qf4 Rf6 28. Qg3 Rfe6 29. b4 Qd5 30. Rd1 Qxa2 31. Rd4 Qxa6 0-1

[Event "FRA-chT1 1011"]
[Site "France"]
[Date "2010.11.13"]
[Round "2.7"]
[White "Clavel, Carole"]
[Black "Alary, Pierre"]
[Result "1-0"]
[WhiteElo "1874"]
[BlackElo "1887"]
[PlyCount "40"]
[EventDate "2010.10.17"]
[EventType "team-tourn"]
[EventRounds "11"]
[EventCountry "FRA"]
[SourceTitle "EXT 2012"]
[Source "ChessBase"]
[SourceDate "2011.11.24"]
[SourceVersion "1"]
[SourceVersionDate "2011.11.24"]
[SourceQuality "1"]

1. c4 e5 2. Nc3 Nf6 3. g3 Bc5 4. Bg2 c6 5. e4 0-0 6. h3 Na6 7. Nge2 Nc7 8. d4 exd4 9. Nxd4 d5 10. cxd5 cxd5 11. e5 Re8 12. Nf3 Bf5 13. 0-0 Ne4 14. Na4 Bf8 15. Be3 Ne6 16. Nh4 Bg6 17. Nxg6 hxg6 18. Qg4 b5 19. Bxe4 bxa4 20. Rfd1 Qb8 1-0

[Event "FRA-chT U20 0809"]
[Site "Sautron"]
[Date "2009.01.02"]
[Round "4.1"]
[White "Alary, Pierre"]
[Black "Domenech, Vianney"]
[Result "0-1"]
[WhiteElo "1971"]
[BlackElo "1973"]
[PlyCount "46"]
[EventDate "2008.10.??"]
[EventType "team-tourn"]
[EventRounds "11"]
[EventCountry "FRA"]
[SourceTitle "EXT 2010"]
[Source "ChessBase"]
[SourceDate "2010.11.25"]
[SourceVersion "1"]
[SourceVersionDate "2010.11.25"]
[SourceQuality "1"]

1. e4 d5 2. exd5 Qxd5 3. Nc3 Qa5 4. g3 Nf6 5. Bg2 Nc6 6. Nge2 Bf5 7. d3 0-0-0 8. Be3 e5 9. Qd2 Nd4 10. Bxd4 exd4 11. Ne4 Bb4 12. c3 dxc3 13. bxc3 Nxe4 14. Bxe4 Bxe4 15. cxb4 Qf5 16. Rg1 Bxd3 17. 0-0-0 Qb5 18. Nf4 Qc4+ 19. Kb2 Bb1 20. Qc3 Qxa2+ 21. Kc1 Bf5 22. Rxd8+ Rxd8 23. g4 Qb1# 0-1